000 00524nam a2200181Ia 4500
008 100917s9999 xx 000 0 und d
082 _b59333
100 _aसाठे शं. गो.
245 _aपहाटेची चाहूल
260 _bपॉप्युलर प्रकाशन
_c1960
300 _a97
365 _b2
520 _aनाटक
630 _aपहाटेची चाहूल
650 _aनाटक
730 _aपहाटेची चाहूल
942 _cBOOK
999 _c664727
_d664724